Development and social change : (Record no. 7686)

MARC details
000 -LEADER
fixed length control field 00767nam a22002297a 4500
003 - CONTROL NUMBER IDENTIFIER
control field OSt
005 - DATE AND TIME OF LATEST TRANSACTION
control field 20220214164345.0
008 - FIXED-LENGTH DATA ELEMENTS--GENERAL INFORMATION
fixed length control field 220214b ||||| |||| 00| 0 eng d
020 ## - INTERNATIONAL STANDARD BOOK NUMBER
International Standard Book Number 9781412992077
040 ## - CATALOGING SOURCE
Transcribing agency DDC
082 ## - DEWEY DECIMAL CLASSIFICATION NUMBER
Classification number 514.74 MCM 2012
100 ## - MAIN ENTRY--PERSONAL NAME
Personal name McMichael, Philip.
9 (RLIN) 15705
245 ## - TITLE STATEMENT
Title Development and social change :
Remainder of title a global perspective
250 ## - EDITION STATEMENT
Edition statement Fifth edition.
260 ## - PUBLICATION, DISTRIBUTION, ETC. (IMPRINT)
Place of publication, distribution, etc. Los Angeles :
Name of publisher, distributor, etc. SAGE, [2012]
Date of publication, distribution, etc. ©2012
300 ## - PHYSICAL DESCRIPTION
Extent xxi, 383 pages :
Other physical details illustrations, maps ;
Dimensions 23 cm
504 ## - BIBLIOGRAPHY, ETC. NOTE
Bibliography, etc Includes bibliographical references and index
650 ## - SUBJECT ADDED ENTRY--TOPICAL TERM
Topical term or geographic name as entry element Economic development projects -- History
9 (RLIN) 15706
650 ## - SUBJECT ADDED ENTRY--TOPICAL TERM
Topical term or geographic name as entry element Economic development -- History.
9 (RLIN) 15707
650 ## - SUBJECT ADDED ENTRY--TOPICAL TERM
Topical term or geographic name as entry element Competition, International -- History.
9 (RLIN) 15708
942 ## - ADDED ENTRY ELEMENTS (KOHA)
Source of classification or shelving scheme Dewey Decimal Classification
Koha item type Book
Holdings
Withdrawn status Lost status Source of classification or shelving scheme Damaged status Not for loan Home library Current library Date acquired Source of acquisition Inventory number Total Checkouts Full call number Barcode Date last seen Price effective from Koha item type
    Dewey Decimal Classification     MUST Main Library MUST Main Library 14/02/2022 Purchase 14/38540   514.74 MCM 2012 2022-0175 14/02/2022 14/02/2022 Book